Kompetencie a politiky znalostnej ekonomiky Európskej únie
Potreba posilnenia konkurencieschopnosti Európskej únie. Potreba zvýšenia investícií do vedy, výskumu a vývoja. Vymedzenie deľby kompetencií medzi EÚ a jej členskými štátmi. Politiky znalostnej ekonomiky. Politika EÚ v oblasti vzdelávania. Daňová politika. Regionálna politika. Politika hospodárskej...
Gespeichert in:
| 1. Verfasser: | |
|---|---|
| Format: | Buchkapitel |
| Sprache: | Slowakisch |
| Schlagworte: | |
| Tags: |
Keine Tags, Fügen Sie das erste Tag hinzu!
|
MARC
| LEADER | 00000naa$a2200000$$$4500 | ||
|---|---|---|---|
| 001 | 0050096 | ||
| 005 | 20240502071557.7 | ||
| 041 | 0 | |a slo | |
| 044 | |a SK | ||
| 245 | 1 | 0 | |a Kompetencie a politiky znalostnej ekonomiky Európskej únie |c Zuzana Mogyorosiová |
| 520 | |a Potreba posilnenia konkurencieschopnosti Európskej únie. Potreba zvýšenia investícií do vedy, výskumu a vývoja. Vymedzenie deľby kompetencií medzi EÚ a jej členskými štátmi. Politiky znalostnej ekonomiky. Politika EÚ v oblasti vzdelávania. Daňová politika. Regionálna politika. Politika hospodárskej súťaže. Politika v oblasti ochrany práv duševného vlastníctva - z hľadiska znalostnej ekonomiky má veľký význam. Sociálna politika. Stanovenie pravidiel pre verejné obstarávanie. | ||
| 610 | 2 | 0 | |a ekonomika vedomostná |
| 610 | 2 | 0 | |a kompetencie |
| 610 | 2 | 0 | |a vzdelávanie |
| 610 | 2 | 0 | |a politika daňová |
| 610 | 2 | 0 | |a politika regionálna |
| 610 | 2 | 0 | |a politika sociálna |
| 610 | 2 | 0 | |a súťaž hospodárska |
| 610 | 2 | 0 | |a vlastníctvo duševné |
| 610 | 2 | 0 | |a ochrana právna |
| 610 | 2 | 0 | |a obstarávanie verejné |
| 610 | 2 | 0 | |a Európska únia |
| 100 | 1 | |a Mogyorosiová, Zuzana, 1975- | |